| 000 | 01908nam a2200421 i 4500 | ||
|---|---|---|---|
| 001 | 014802521 | ||
| 003 | EG-ScBUE | ||
| 005 | 20240701094219.0 | ||
| 008 | 080212t2008 mdua f b 001 0 eng d | ||
| 020 | _a0742556328 (pbk.) | ||
| 020 | _a9780742556324 (pbk.) | ||
| 035 | _a(OCoLC)ocn192134363 | ||
| 035 | _a(OCoLC)192134363 | ||
| 040 |
_aEG-ScBUE _beng _erda _cEG-ScBUE _dEG-ScBUE |
||
| 043 | _an-us--- | ||
| 082 | 0 | 4 |
_a973.93 _222 _bNEA |
| 100 | 1 |
_aNeack, Laura, _eauthor. _934332 |
|
| 245 | 1 | 4 |
_aThe new foreign policy : _bpower seeking in a globalized era / _cLaura Neack. |
| 250 | _aSecond edition. | ||
| 264 | 1 |
_aLanham, Md. : _bRowman & Littlefield Publishers, _c[2008] |
|
| 264 | 4 | _cc2008 | |
| 300 |
_axv, 233 pages : _billustrations ; _c23 cm. |
||
| 336 |
_2rdacontent _atext _btxt |
||
| 337 |
_aunmediated _2rdamedia _bn |
||
| 338 |
_avolume _bnc _2rdacarrier |
||
| 490 | 0 | _aNew millennium books in international studies | |
| 504 | _aIncludes bibliographical references and index. | ||
| 505 | 0 | _aIntroduction: The new foreign policy -- Rational actors and the national interests -- Cognitive misers and distrusting leaders -- Decision units, small groups and bureaucratic politics -- National self-image, culture, and domestic institutions -- Domestic politics -- Public opinion and media -- Great powers -- The other powers -- Conclusion: A nested game with many players. | |
| 650 | 7 |
_aSeptember 11 Terrorist Attacks, 2001. _2BUEsh _934333 |
|
| 650 | 7 |
_aGlobalization _xPolitical aspects. _2BUEsh _934334 |
|
| 651 | 7 |
_aUnited States _xForeign relations _y2001- _2BUEsh _93840 |
|
| 651 | 7 |
_aUnited States _xForeign relations _y1989- _2BUEsh _934335 |
|
| 651 | 7 |
_aUnited States _xForeign relations _xPhilosophy. _2BUEsh _912805 |
|
| 653 | _cOctober2013 | ||
| 655 | _vReading book | ||
| 856 | 4 | 1 |
_3Table of contents only _uhttp://www.loc.gov/catdir/toc/fy0903/2008005813.html |
| 942 |
_2ddc _cBB |
||
| 999 |
_c17721 _d17693 |
||